[Event "Kieler Open 2014-A"]
[Site "Kiel"]
[Date "2014.08.05"]
[Round "6.1"]
[White "Stopa, Jacek"]
[Black "Turner, Matthew J"]
[Result "1/2-1/2"]
[WhiteElo "2498"]
[BlackElo "2483"]
[PlyCount "95"]
[EventDate "2014.??.??"]

1. d4 Nf6 2. c4 e6 3. Nc3 Bb4 4. f3 d5 5. a3 Bxc3+ 6. bxc3 c5 7. cxd5 Nxd5 8.
dxc5 Qa5 9. e4 Ne7 10. Be3 O-O 11. Qb3 Nec6 12. Bb5 Qc7 13. Ne2 Na5 14. Qb4
Nbc6 15. Qa4 Bd7 16. Kf2 Rfd8 17. Rad1 Be8 18. Bf4 e5 19. Be3 Rxd1 20. Rxd1 Rd8
21. Rd6 a6 22. Bxc6 Bxc6 23. Qb4 b5 24. a4 Nc4 25. axb5 axb5 26. Rxd8+ Qxd8 27.
Qb1 g6 28. Ng3 f6 $11 29. Nf1 Kf7 30. Ke2 Qa5 31. Qd3 Qa2+ 32. Nd2 Nxd2 33.
Bxd2 Qc4 34. Qxc4+ bxc4 35. Bh6 Ke6 36. h4 f5 37. exf5+ gxf5 38. g4 fxg4 39.
fxg4 Kd5 40. Be3 Ke4 41. g5 Be8 42. Bg1 Bh5+ 43. Kd2 Kd5 44. Ke3 Kxc5 45. Ke4+
Kd6 46. Kf5 Ke7 47. Kxe5 Kf7 48. Bc5 1/2-1/2

[Event "Kieler Open 2014-A"]
[Site "Kiel"]
[Date "2014.08.05"]
[Round "6.2"]
[White "Kang, Chuanqi"]
[Black "Malakhatko, Vadim"]
[Result "0-1"]
[WhiteElo "2302"]
[BlackElo "2560"]
[PlyCount "110"]
[EventDate "2014.??.??"]

1. e4 e6 2. d4 d5 3. e5 c5 4. c3 Qb6 5. Nf3 Nc6 6. a3 Nh6 7. b4 cxd4 8. Bxh6
gxh6 9. cxd4 Bd7 10. Be2 Rg8 11. O-O Rg4 12. h3 Rf4 13. g3 Rxf3 14. Bxf3 Qxd4
15. Qxd4 Nxd4 16. Bh5 Bg7 17. f4 Ke7 18. Nd2 f6 19. exf6+ Bxf6 20. Ra2 a5 21.
bxa5 Rxa5 22. Nf3 Nf5 23. Kh2 Ne3 24. Re1 d4 25. g4 Bc6 26. Kg3 Bd5 27. Rf2
Rxa3 28. g5 hxg5 29. fxg5 Bg7 30. Kh2 Kd6 31. g6 hxg6 32. Bxg6 b5 33. Kg3 b4
34. h4 Nc4 35. h5 Bh6 36. Kg4 Ne3+ 37. Kg3 e5 38. Kh3 Bf4 39. h6 Bxh6 40. Rb1
Nc4 41. Kg4 Bxf3+ 42. Rxf3 Rxf3 43. Kxf3 Nd2+ 44. Ke2 Nxb1 45. Bxb1 b3 46. Bg6
Kc5 47. Bf7 Kb4 48. Kd3 Ka3 49. Bd5 Bg7 50. Kd2 Kb2 51. Kd3 e4+ 52. Kd2 Bh6+
53. Kd1 e3 54. Ke2 Kc2 55. Be4+ Kc1 0-1

[Event "Kieler Open 2014-A"]
[Site "Kiel"]
[Date "2014.08.05"]
[Round "6.3"]
[White "Lanka, Zigurds"]
[Black "Bente, Björn"]
[Result "1-0"]
[WhiteElo "2451"]
[BlackElo "2285"]
[PlyCount "41"]
[EventDate "2014.??.??"]
[WhiteTeam "Schott Mainz"]
[BlackTeam "Hamburg"]

1. Nf3 d5 2. c4 c6 3. e3 Nf6 4. Nc3 e6 5. b3 Nbd7 6. Bb2 Bd6 7. Qc2 O-O 8. Rg1
a6 9. g4 Ne5 10. Nxe5 Bxe5 11. f4 Bxc3 12. Qxc3 b5 13. g5 b4 14. Qd4 c5 15.
Qxc5 Ne4 16. Qd4 f6 17. Bd3 e5 18. Qxd5+ Qxd5 19. cxd5 Nc5 20. Bc4 exf4 21.
gxf6 1-0

[Event "Kieler Open 2014-A"]
[Site "Kiel"]
[Date "2014.08.05"]
[Round "6.4"]
[White "Simantsev, Mikhail"]
[Black "Koop, Thorben"]
[Result "0-1"]
[WhiteElo "2448"]
[BlackElo "2194"]
[PlyCount "104"]
[EventDate "2014.??.??"]
[BlackTeam "Lingen"]

1. d4 Nf6 2. c4 g6 3. f3 d5 4. cxd5 Nxd5 5. e4 Nb6 6. Nc3 Bg7 7. Be3 O-O 8. Qd2
Nc6 9. O-O-O Qd6 10. Nb5 Qd7 11. Kb1 Rd8 12. d5 a6 13. dxc6 Qxd2 14. Rxd2 Rxd2
15. Bxd2 axb5 16. Bxb5 bxc6 17. Bxc6 Rb8 18. b3 Nc4 19. Bf4 Rb6 20. Bd5 Na3+
21. Kc1 c6 22. Be3 Ra6 23. Ne2 cxd5 24. exd5 Nb5 25. a4 Nc7 26. Rd1 Bb7 27. Bd4
Bxd5 28. Kb2 Rb6 29. Nc1 e6 30. Bxg7 Kxg7 31. Kc3 Na6 32. Rd4 Nc5 33. Rb4 Rc6
34. Kb2 g5 35. a5 h5 36. Rb5 g4 37. fxg4 hxg4 38. g3 Rc8 39. Ka3 Ne4 40. Ne2
Nc3 41. Nxc3 Rxc3 42. a6 Rc1 43. Kb2 Rh1 44. Rxd5 Rxh2+ 45. Ka3 exd5 46. b4 d4
47. a7 Rh8 48. b5 d3 49. Kb2 Rc8 50. b6 d2 51. b7 Rc5 52. b8=Q d1=Q 0-1

[Event "Kieler Open 2014-A"]
[Site "Kiel"]
[Date "2014.08.05"]
[Round "6.5"]
[White "Voloshin, Leonid"]
[Black "Meyers, Mark"]
[Result "1-0"]
[WhiteElo "2403"]
[BlackElo "2007"]
[PlyCount "69"]
[EventDate "2014.??.??"]
[BlackTeam "Heinsberg"]

1. e4 c5 2. Nf3 e6 3. d4 cxd4 4. Nxd4 a6 5. Bd3 Nf6 6. O-O Qc7 7. Qe2 d6 8. Kh1
Be7 9. f4 Nbd7 10. Nd2 b5 11. N2f3 Bb7 12. e5 dxe5 13. fxe5 Nd5 14. c3 b4 15.
c4 N5b6 16. b3 Nc5 17. Bc2 Rd8 18. a3 bxa3 19. b4 Ncd7 20. c5 Nd5 21. Ng5 Qxe5
22. Qxe5 Nxe5 23. Ba4+ Nd7 24. Nxf7 O-O 25. Nxe6 Rxf7 26. Rxf7 Kxf7 27. Nxd8+
Bxd8 28. Bxd7 Nxb4 29. Bxa3 Nc2 30. Rf1+ Ke7 31. c6+ Nxa3 32. cxb7 Bc7 33. Bf5
Nb5 34. Bd3 Kd6 35. Rf8 1-0

[Event "Kieler Open 2014-A"]
[Site "Kiel"]
[Date "2014.08.05"]
[Round "6.6"]
[White "Nixdorf, André"]
[Black "Wichmann, Cliff"]
[Result "1/2-1/2"]
[WhiteElo "1964"]
[BlackElo "2361"]
[PlyCount "112"]
[EventDate "2014.??.??"]
[WhiteTeam "Norderstedt"]
[BlackTeam "Nickelhütte Aue"]

1. e4 e6 2. d4 d5 3. Nc3 Nf6 4. e5 Nfd7 5. f4 c5 6. Nf3 Nc6 7. Be3 Be7 8. Qd2
O-O 9. Be2 b6 10. O-O f5 11. Rad1 Bb7 12. dxc5 Nxc5 13. Nd4 Nxd4 14. Bxd4 Qc8
15. Bd3 Ne4 16. Qe3 Ba6 17. Ne2 Nc5 18. Rc1 Bxd3 19. cxd3 Qa6 20. Rc3 Rfc8 21.
Rfc1 Bf8 22. b4 Nd7 23. a3 Qb7 24. Rxc8 Rxc8 25. Rxc8 Qxc8 26. Qc1 Qxc1+ 27.
Nxc1 Kf7 28. Kf2 g5 29. g3 a5 30. Be3 gxf4 31. gxf4 Nb8 32. bxa5 Bxa3 33. Ne2
b5 34. Bd4 b4 35. Bc5 Na6 36. Bd6 Bb2 37. Ke3 Ke8 38. Kd2 d4 39. Kc2 Bc3 40.
Kb3 Kd7 41. Kc4 Kc6 42. h3 h6 43. Bf8 Nc7 44. Bxb4 Nd5 45. Nxc3 dxc3 46. Bxc3
Nxf4 47. Bd2 Nxh3 48. Bxh6 f4 49. Kd4 Kb5 50. a6 Kxa6 51. Kc5 f3 52. Be3 f2 53.
Bxf2 Nxf2 54. Kd6 Nxd3 55. Kxe6 Kb6 56. Kd6 Nxe5 1/2-1/2

[Event "Kieler Open 2014-A"]
[Site "Kiel"]
[Date "2014.08.05"]
[Round "6.7"]
[White "Van Voorthuijsen, Peewee"]
[Black "Rulofs, Henrik"]
[Result "1/2-1/2"]
[WhiteElo "2206"]
[BlackElo "1776"]
[PlyCount "78"]
[EventDate "2014.??.??"]
[WhiteTeam "Amsterdam"]
[BlackTeam "Turm Kiel"]

1. d4 Nf6 2. Nf3 e6 3. c4 c5 4. d5 exd5 5. cxd5 d6 6. g3 g6 7. Nc3 Bg7 8. Bg2
O-O 9. O-O Na6 10. h3 Nc7 11. a4 Re8 12. Bf4 h6 13. Nh2 Nh5 14. Bd2 a6 15. Qc2
Bd7 16. e4 b5 17. axb5 axb5 18. Rxa8 Qxa8 19. Ng4 b4 20. Nd1 Bxg4 21. hxg4 Nf6
22. Bxb4 Nxg4 23. Bc3 Ne5 24. f4 Nd7 25. e5 Qa6 26. e6 Nf6 27. Re1 Kf8 28. Ne3
Qa2 29. f5 g5 30. Qe2 Ncxd5 31. Nxd5 Nxd5 32. Bxg7+ Kxg7 33. Qh5 Re7 34. Bxd5
Qxd5 35. f6+ Kxf6 36. Qxh6+ Kf5 37. Qh7+ Kf6 38. Qh6+ Kf5 39. Qh7+ Kf6 1/2-1/2

[Event "Kieler Open 2014-A"]
[Site "Kiel"]
[Date "2014.08.05"]
[Round "6.8"]
[White "Buchholz, Sebastian"]
[Black "Hofer, Emilian"]
[Result "0-1"]
[WhiteElo "2120"]
[BlackElo "2197"]
[PlyCount "58"]
[EventDate "2014.??.??"]
[WhiteTeam "Doppelbauer Kiel"]
[BlackTeam "Jedesheim"]

1. e4 e5 2. f4 exf4 3. Bc4 Nf6 4. Nc3 Nc6 5. Nf3 Na5 6. Be2 d5 7. e5 Ne4 8. O-O
Be6 9. d3 Nxc3 10. bxc3 g5 11. Rb1 b6 12. Kh1 Be7 13. Nd4 Qd7 14. Nxe6 Qxe6 15.
Bg4 Qxe5 16. Ba3 Qf6 17. Qe2 Kf8 18. Bxe7+ Qxe7 19. Qf3 Qd6 20. g3 Nc6 21. gxf4
h5 22. fxg5 Ne5 23. Qf5 hxg4 24. g6 Rxh2+ 25. Kg1 Rh3 26. Rf4 Rf3 27. Rf1 f6
28. Qh5 Nxg6 29. Qxg6 Qxf4 0-1

[Event "Kieler Open 2014-A"]
[Site "Kiel"]
[Date "2014.08.05"]
[Round "6.9"]
[White "Beeck, Mats"]
[Black "Petri, Alexander"]
[Result "0-1"]
[WhiteElo "1897"]
[BlackElo "2164"]
[PlyCount "78"]
[EventDate "2014.??.??"]
[WhiteTeam "Doppelbauer Kiel"]
[BlackTeam "Doppelbauer Kiel"]

1. e4 c6 2. d4 d5 3. exd5 cxd5 4. c4 Nf6 5. Nc3 e6 6. Nf3 Be7 7. cxd5 Nxd5 8.
Bd3 Nc6 9. O-O O-O 10. Re1 Ncb4 11. Bb1 Bd7 12. a3 Nxc3 13. bxc3 Nd5 14. Qd3 g6
15. Bh6 Re8 16. c4 Nf6 17. Ne5 Qa5 18. Bd2 Qc7 19. Qh3 b5 20. Bg5 bxc4 21. Nxf7
Kxf7 22. Bxf6 Kxf6 23. Qxh7 Rg8 24. Re3 Bc6 25. Rg3 Bd6 26. Rxg6+ Rxg6 27.
Qxg6+ Ke7 28. h4 Qb6 29. Bc2 Qxd4 30. Qh7+ Kd8 31. Qg8+ Kc7 32. Qf7+ Bd7 33.
Rd1 Qxh4 34. g3 Qe7 35. Qh5 e5 36. Qe2 Qe6 37. Be4 Rh8 38. Bd5 Qg4 39. Bf3 Bc6
0-1

[Event "Kieler Open 2014-A"]
[Site "Kiel"]
[Date "2014.08.05"]
[Round "6.10"]
[White "Franz, Karsten"]
[Black "Kardoeus, David"]
[Result "1-0"]
[WhiteElo "2191"]
[BlackElo "2003"]
[PlyCount "65"]
[EventDate "2014.??.??"]
[WhiteTeam "Dresden-Leuben"]
[BlackTeam "Werder Bremen"]

1. Nf3 Nc6 2. g3 e5 3. d3 Nf6 4. Bg2 Bc5 5. O-O O-O 6. Nxe5 Nxe5 7. d4 Bd6 8.
dxe5 Bxe5 9. e4 c6 10. f4 Qb6+ 11. Kh1 Bxb2 12. Bxb2 Qxb2 13. Nd2 d5 14. e5 Ng4
15. Rf3 d4 16. Nf1 Be6 17. h3 Nh6 18. Rd3 c5 19. g4 Bxa2 20. Ng3 Kh8 21. Ne4 b6
22. Rd2 Be6 23. c4 Qb4 24. Ra4 a5 25. Rxb4 axb4 26. Nd6 Ra3 27. Rd3 Bxg4 28.
hxg4 Nxg4 29. Qxg4 Rxd3 30. Nxf7+ Kg8 31. Qe6 Rd1+ 32. Kh2 g6 33. Ng5+ 1-0

[Event "Kieler Open 2014-A"]
[Site "Kiel"]
[Date "2014.08.05"]
[Round "6.11"]
[White "Berger, Joachim"]
[Black "Chetverik, Maxim"]
[Result "1/2-1/2"]
[WhiteElo "2025"]
[BlackElo "2254"]
[Annotator "FS"]
[PlyCount "64"]
[EventDate "2014.??.??"]
[WhiteTeam "Lübeck"]

1. e4 Nf6 2. e5 Nd5 3. d4 d6 4. c4 Nb6 5. exd6 cxd6 6. Nc3 g6 7. h3 Bg7 8. Nf3
O-O 9. Be2 Nc6 10. O-O Bf5 11. Be3 d5 12. c5 Nc4 13. Bxc4 dxc4 14. Qa4 Bd3 15.
Rfd1 Qe8 16. Ne1 Nxd4 17. Qxe8 Rfxe8 18. Nxd3 cxd3 19. Rxd3 Nc2 20. Rad1 Nxe3
21. Rxe3 Kf8 22. Rd7 Rab8 23. Nb5 a6 24. Nc7 Red8 25. Rexe7 Rxd7 26. Rxd7 Bxb2
27. Nd5 Bd4 28. Rc7 Re8 29. Kf1 Re6 30. Rxb7 Bxc5 31. Rc7 Bd4 32. Rc4 Be5
1/2-1/2

[Event "Kieler Open 2014-A"]
[Site "Kiel"]
[Date "2014.08.05"]
[Round "6.12"]
[White "Voelzke, Ferdinand"]
[Black "Jacobsen, Mikkel Manosri"]
[Result "1-0"]
[WhiteElo "2170"]
[BlackElo "2007"]
[Annotator "FS"]
[PlyCount "89"]
[EventDate "2014.??.??"]
[WhiteTeam "Turm Kiel"]

1. Nf3 Nf6 2. g3 d5 3. Bg2 Bf5 4. O-O e6 5. b3 Be7 6. Bb2 O-O 7. c4 c6 8. d3 h6
9. Nbd2 Nbd7 10. a3 a5 11. Ra2 b5 12. cxb5 cxb5 13. Nd4 Qb6 14. Nxf5 exf5 15.
Nf3 Rfe8 16. Nd4 g6 17. Qd2 Bc5 18. e3 Rad8 19. b4 axb4 20. axb4 Bxd4 21. Bxd4
Qb8 22. Ra6 Re6 23. Rfa1 Rde8 24. Qb2 Qd8 25. Ra7 g5 26. Rb7 f4 27. gxf4 gxf4
28. Bh3 Ng4 29. Bxg4 Rg6 30. Kh1 Rxg4 31. Qe2 Rg6 32. Qf3 Nf6 33. Qxf4 Qc8 34.
Qc7 Qxc7 35. Rxc7 Ng4 36. Rc2 Kh7 37. Ra7 Kg8 38. Rb7 Ne5 39. Bxe5 Rxe5 40.
Rxb5 Kg7 41. Ra5 Rg4 42. d4 Reg5 43. Ra1 Kf6 44. f3 Rh4 45. b5 1-0

[Event "Kieler Open 2014-A"]
[Site "Kiel"]
[Date "2014.08.05"]
[Round "6.13"]
[White "Kröncke, Manfred"]
[Black "Rozycki, Bartlomiej"]
[Result "0-1"]
[WhiteElo "2024"]
[BlackElo "2128"]
[Annotator "FS"]
[PlyCount "62"]
[EventDate "2014.??.??"]
[WhiteTeam "Glückstadt "]
[BlackTeam "KS Laura Chylice"]

1. e4 c5 2. Nf3 e6 3. d3 d5 4. Nbd2 Nc6 5. g3 Bd6 6. Bg2 Nge7 7. O-O O-O 8. b3
Bc7 9. a4 b6 10. h4 Ba6 11. Qe2 Nb4 12. Ne1 Qd7 13. Bb2 Rad8 14. Qg4 d4 15. f4
f5 16. Qe2 e5 17. Bh3 exf4 18. gxf4 Qd6 19. e5 Qh6 20. Kh2 Qxh4 21. Ng2 Qh6 22.
Nf3 Ng6 23. Kg3 Nd5 24. Bc1 Rde8 25. Rh1 Nf6 26. Kf2 Nh5 27. Qd2 Bb7 28. Rh2
Bxf3 29. Kxf3 Nhxf4 30. Nxf4 Nxf4 31. Qxf4 Qh5+ 0-1

[Event "Kieler Open 2014-A"]
[Site "Kiel"]
[Date "2014.08.05"]
[Round "6.14"]
[White "Möller, Dustin"]
[Black "Saglam, Bülent"]
[Result "1/2-1/2"]
[WhiteElo "1819"]
[BlackElo "2097"]
[Annotator "FS"]
[PlyCount "120"]
[EventDate "2014.??.??"]
[WhiteTeam "Eckernförde"]
[BlackTeam "Doppelbauer Kiel"]

1. Nf3 Nf6 2. c4 e6 3. g3 d5 4. Bg2 c5 5. e3 Nc6 6. Qe2 Nb4 7. d4 dxc4 8. Qxc4
b6 9. Ne5 Ba6 10. Bc6+ Nd7 11. Bxd7+ Qxd7 12. Qxa6 Nxa6 13. Nxd7 Kxd7 14. dxc5
Nxc5 15. Ke2 e5 16. Nc3 Bd6 17. Rd1 Rhd8 18. b4 Ne6 19. Ne4 Ke7 20. Nxd6 Rxd6
21. Bb2 Rxd1 22. Rxd1 f6 23. h4 a5 24. Ba3 Ke8 25. Rd6 axb4 26. Rxe6+ Kf7 27.
Rxb6 Rxa3 28. Rxb4 Rxa2+ 29. Kf3 h5 30. Rb7+ Kg6 31. Rb6 Ra7 32. Rb2 Kh6 33.
Rd2 g5 34. hxg5+ Kxg5 35. Rb2 Ra4 36. Rb8 Kg6 37. Rg8+ Kh7 38. Rb8 Rg4 39. e4
Rg7 40. Rb6 Rg6 41. Re6 Kh6 42. Re8 Kg5 43. Rf8 Rg7 44. Rc8 Kg6 45. Rc6 Rh7 46.
Rc8 Ra7 47. Rc3 Kg5 48. Rb3 h4 49. gxh4+ Kxh4 50. Rc3 Ra2 51. Rb3 Ra6 52. Kg2
Kg4 53. Rf3 Kg5 54. Rf5+ Kg6 55. f4 Ra2+ 56. Kg3 Ra3+ 57. Kg2 Ra5 58. fxe5 Rxe5
59. Rxe5 fxe5 60. Kh2 Kh6 1/2-1/2

[Event "Kieler Open 2014-A"]
[Site "Kiel"]
[Date "2014.08.05"]
[Round "6.15"]
[White "Schmidt, Peter"]
[Black "Friebe, Martin"]
[Result "1-0"]
[WhiteElo "1924"]
[BlackElo "2066"]
[Annotator "FS"]
[PlyCount "67"]
[EventDate "2014.??.??"]
[WhiteTeam "Kieler SG"]
[BlackTeam "Kieler SG"]

1. e4 c5 2. Nf3 e6 3. d4 cxd4 4. Nxd4 a6 5. Bd3 Qc7 6. O-O Nf6 7. c4 h5 8. Nd2
Nc6 9. N2f3 Bc5 10. Nxc6 dxc6 11. e5 Ng4 12. Qe2 f5 13. exf6 gxf6 14. Bg6+ Kf8
15. b4 Bxb4 16. Bb2 Kg7 17. Qe4 Qa5 18. h3 Rh6 19. Be8 Qf5 20. Qxf5 exf5 21.
Rfd1 Bc5 22. hxg4 hxg4 23. Nd4 Bxd4 24. Rxd4 Be6 25. Bd7 c5 26. Rd6 Rah8 27.
Bxf6+ Kxf6 28. Rxe6+ Kg5 29. Rxh6 Rxh6 30. Rd1 Rb6 31. Rd5 Rb1+ 32. Kh2 Rb2 33.
Rxf5+ Kh4 34. g3# 1-0

[Event "Kieler Open 2014-A"]
[Site "Kiel"]
[Date "2014.08.05"]
[Round "6.16"]
[White "Uksini, Bardhyl"]
[Black "Neuendorf, Max"]
[Result "1-0"]
[WhiteElo "2063"]
[BlackElo "1885"]
[Annotator "FS"]
[PlyCount "51"]
[EventDate "2014.??.??"]
[WhiteTeam "Hamburger SK"]
[BlackTeam "Flensburg"]

1. d4 Nf6 2. c4 c5 3. d5 e6 4. Nc3 exd5 5. cxd5 d6 6. e4 g6 7. Bd3 Bg7 8. h3 a6
9. a4 O-O 10. Nf3 Nbd7 11. O-O Re8 12. Bf4 Qe7 13. Qd2 Nh5 14. Bh6 Qf8 15. Bxg7
Nxg7 16. Rae1 Ne5 17. Nxe5 Rxe5 18. f4 Re8 19. e5 Rd8 20. Ne4 Ne8 21. Bc4 Bf5
22. Ng5 h6 23. Nf3 Qe7 24. g4 Bd7 25. f5 gxf5 26. Qxh6 1-0

[Event "Kieler Open 2014-A"]
[Site "Kiel"]
[Date "2014.08.05"]
[Round "6.17"]
[White "Hildenbrand, Peter"]
[Black "Hilbig, Dieter"]
[Result "1/2-1/2"]
[WhiteElo "2240"]
[BlackElo "2020"]
[Annotator "FS"]
[PlyCount "80"]
[EventDate "2014.??.??"]
[WhiteTeam "Leimen"]
[BlackTeam "Gera"]

1. Nf3 d5 2. g3 Nf6 3. Bg2 g6 4. O-O Bg7 5. d4 O-O 6. c4 c6 7. c5 Re8 8. Nc3
Nbd7 9. b4 e5 10. Nxe5 Nxe5 11. dxe5 Rxe5 12. Bb2 Bf5 13. Nb5 Re7 14. Nd6 Be6
15. Re1 Qd7 16. e4 dxe4 17. Bxe4 Nxe4 18. Bxg7 Nxf2 19. Kxf2 Kxg7 20. Qd4+ Kg8
21. Qf6 Qd8 22. Kg1 Qf8 23. Re5 Qg7 24. Qf4 Bh3 25. Rae1 Rxe5 26. Rxe5 Be6 27.
Nxb7 Rb8 28. Rxe6 Qa1+ 29. Kg2 Rxb7 30. Re8+ Kg7 31. Qd6 Qxa2+ 32. Kh3 Qf2 33.
Qf8+ Kf6 34. Qh8+ Kg5 35. Re5+ f5 36. Qd8+ Kh6 37. Qh4+ Kg7 38. Re7+ Rxe7 39.
Qxe7+ Kh6 40. Qh4+ Kg7 1/2-1/2

[Event "Kieler Open 2014-A"]
[Site "Kiel"]
[Date "2014.08.05"]
[Round "6.18"]
[White "Neumann, Joachim"]
[Black "Guetschow, Martin"]
[Result "1/2-1/2"]
[WhiteElo "2179"]
[BlackElo "1991"]
[Annotator "FS"]
[PlyCount "32"]
[EventDate "2014.??.??"]
[WhiteTeam "Kieler SG"]
[BlackTeam "Segeberg"]

1. Nf3 Nf6 2. g3 c5 3. Bg2 Nc6 4. c4 d5 5. cxd5 Nxd5 6. O-O e5 7. Nc3 Nc7 8. d3
Be7 9. Be3 Rb8 10. Nd2 O-O 11. Nc4 f6 12. a4 Be6 13. f4 exf4 14. Bxf4 Rc8 15.
Nb5 Nd5 16. Bd2 Nb6 1/2-1/2

[Event "Kieler Open 2014-A"]
[Site "Kiel"]
[Date "2014.08.05"]
[Round "6.19"]
[White "Hauptmann, Thomas"]
[Black "Nonnenmacher, Thomas"]
[Result "0-1"]
[WhiteElo "1971"]
[BlackElo "2174"]
[Annotator "FS"]
[PlyCount "82"]
[EventDate "2014.??.??"]
[WhiteTeam "Amsterdam"]
[BlackTeam "Pinneberg"]

1. e4 Nf6 2. Nc3 d6 3. d4 g6 4. Bg5 Bg7 5. Qd2 h6 6. Bh4 c6 7. a4 O-O 8. Nf3
Nbd7 9. Be2 e5 10. dxe5 dxe5 11. O-O Qe7 12. Rfe1 Nc5 13. Bc4 g5 14. Bg3 Nh5
15. Rad1 Nxg3 16. hxg3 Be6 17. Qe2 Bg4 18. Rd2 Ne6 19. Bxe6 Bxe6 20. Nd1 Qb4
21. b3 Rad8 22. Rd3 Bf6 23. Qd2 Qe7 24. Ne3 g4 25. Nh2 Bg5 26. Qe2 Rxd3 27.
Qxd3 Rd8 28. Qc3 Rd4 29. f3 Qd8 30. Nhf1 Be7 31. Re2 Bb4 32. Qb2 Bc5 33. Kh2
Qg5 34. Qc3 b6 35. Kg1 Qh5 36. Kf2 gxf3 37. gxf3 Qh1 38. g4 h5 39. gxh5 Bh3 40.
Ke1 Bxf1 41. Nxf1 Bb4 0-1

[Event "Kieler Open 2014-A"]
[Site "Kiel"]
[Date "2014.08.05"]
[Round "6.20"]
[White "Horn, Sven"]
[Black "Diederichs, Luise"]
[Result "1/2-1/2"]
[WhiteElo "2158"]
[BlackElo "1968"]
[Annotator "FS"]
[PlyCount "83"]
[EventDate "2014.??.??"]
[WhiteTeam "Oberschöneweide"]
[BlackTeam "Hermannsburg"]

1. b3 Nf6 2. Bb2 d5 3. e3 c5 4. Nf3 Nc6 5. Bb5 a6 6. Bxc6+ bxc6 7. Ne5 Qc7 8.
O-O e6 9. f4 Bd6 10. d3 O-O 11. Nd2 Nd7 12. d4 f6 13. Nd3 cxd4 14. exd4 c5 15.
c4 Bb7 16. Qg4 Rae8 17. Rae1 Nb6 18. Rc1 dxc4 19. Nxc4 cxd4 20. Na5 Qe7 21.
Bxd4 Nd5 22. Nxb7 Qxb7 23. Rfe1 Qd7 24. Nc5 Bxc5 25. Bxc5 Rf7 26. b4 Nxb4 27.
f5 Nd3 28. fxe6 Rfe7 29. Bxe7 Qxe7 30. Qd4 Nxc1 31. Rxc1 Qxe6 32. Qc4 Qxc4 33.
Rxc4 Re2 34. Ra4 Re6 35. Kf2 Kf7 36. Kf3 g5 37. h4 Kg6 38. hxg5 fxg5 39. g4 h5
40. gxh5+ Kxh5 41. Kg3 Rc6 42. Kh3 1/2-1/2

[Event "Kieler Open 2014-A"]
[Site "Kiel"]
[Date "2014.08.05"]
[Round "6.21"]
[White "Quiring, Nikolai"]
[Black "Simon, Christopher"]
[Result "1/2-1/2"]
[WhiteElo "2078"]
[BlackElo "1960"]
[Annotator "FS"]
[PlyCount "27"]
[EventDate "2014.??.??"]
[WhiteTeam "Rendsburg"]
[BlackTeam "Bad Schwartau"]

1. d4 d5 2. c4 e6 3. Nc3 c6 4. cxd5 exd5 5. Qc2 Nf6 6. Bg5 Be7 7. e3 Nbd7 8.
Bd3 O-O 9. Nge2 Re8 10. O-O-O Nf8 11. Ng3 a5 12. Kb1 Ne4 13. Bxe7 Nxc3+ 14.
Qxc3 1/2-1/2

[Event "Kieler Open 2014-A"]
[Site "Kiel"]
[Date "2014.08.05"]
[Round "6.22"]
[White "Rabe, Klaus"]
[Black "Wanner, Lukas"]
[Result "1/2-1/2"]
[WhiteElo "2054"]
[BlackElo "1764"]
[Annotator "FS"]
[PlyCount "32"]
[EventDate "2014.??.??"]
[WhiteTeam "Kieler SG"]
[BlackTeam "Doppelbauer Kiel"]

1. d4 d5 2. Nf3 Nf6 3. c4 dxc4 4. e3 e6 5. Bxc4 c5 6. O-O a6 7. Qe2 b5 8. Bb3
Bb7 9. Rd1 Qb6 10. dxc5 Bxc5 11. a4 b4 12. a5 Qc7 13. Nbd2 O-O 14. Nc4 Nbd7 15.
Bd2 Rfd8 16. Rdc1 Ne4 1/2-1/2

[Event "Kieler Open 2014-A"]
[Site "Kiel"]
[Date "2014.08.05"]
[Round "6.23"]
[White "Van Diermen, Arie"]
[Black "Schramm, Bernd"]
[Result "1/2-1/2"]
[WhiteElo "1923"]
[BlackElo "2024"]
[Annotator "FS"]
[PlyCount "70"]
[EventDate "2014.??.??"]
[BlackTeam "Kieler SG"]

1. e4 e6 2. d4 d5 3. exd5 exd5 4. c4 Nf6 5. Nc3 c6 6. Nf3 Be7 7. h3 O-O 8. Be3
Re8 9. Rc1 Bf5 10. c5 Nbd7 11. Be2 Ne4 12. O-O Bf6 13. Nxe4 Bxe4 14. b4 a6 15.
a4 Nf8 16. Qb3 Ne6 17. Rfd1 Ng5 18. Nxg5 Bxg5 19. Bxg5 Qxg5 20. Bf1 Re6 21. Rc3
Rae8 22. Re3 f5 23. f3 f4 24. Rxe4 dxe4 25. Bc4 Qg6 26. Bxe6+ Qxe6 27. Qxe6+
Rxe6 28. fxe4 Rxe4 29. Kf2 g5 30. b5 axb5 31. axb5 Kf7 32. bxc6 bxc6 33. d5
cxd5 34. Rxd5 Kf6 35. g3 fxg3+ 1/2-1/2

[Event "Kieler Open 2014-A"]
[Site "Kiel"]
[Date "2014.08.05"]
[Round "6.24"]
[White "Haffner, Alexander"]
[Black "Millgramm, Stephan"]
[Result "1-0"]
[WhiteElo "2126"]
[BlackElo "1865"]
[Annotator "FS"]
[PlyCount "89"]
[EventDate "2014.??.??"]
[WhiteTeam "Doppelbauer Kiel"]
[BlackTeam "Flensburg"]

1. d4 g6 2. e4 Bg7 3. Nc3 d6 4. f4 Nc6 5. Be3 Nf6 6. Nf3 Ng4 7. Bg1 O-O 8. h3
Nf6 9. e5 Nh5 10. Bh2 Bh6 11. Ne2 f5 12. d5 Nb8 13. Qd4 c5 14. Qd3 Qa5+ 15. c3
Bd7 16. Nd2 dxe5 17. fxe5 Qb5 18. Qxb5 Bxb5 19. g4 fxg4 20. hxg4 Bxe2 21. Bxe2
Nf4 22. Bc4 Kh8 23. O-O-O Nd7 24. Bg3 Bg7 25. d6 exd6 26. Bxf4 Rxf4 27. exd6
Ne5 28. g5 Nxc4 29. Nxc4 Rxc4 30. Rhe1 Rf4 31. Re7 Kg8 32. Rxb7 Rf7 33. d7 Rd8
34. Rxa7 Bf8 35. a4 Be7 36. a5 Bxg5+ 37. Kc2 c4 38. Rc7 Rf2+ 39. Kb1 Rd2 40.
Rxd2 Bxd2 41. Rc8 Bg5 42. a6 Kf7 43. a7 Rxd7 44. a8=Q Rd1+ 45. Ka2 1-0

[Event "Kieler Open 2014-A"]
[Site "Kiel"]
[Date "2014.08.05"]
[Round "6.25"]
[White "Weishäutel, Moritz"]
[Black "Skogvall, Martina"]
[Result "1/2-1/2"]
[WhiteElo "1849"]
[BlackElo "2060"]
[Annotator "FS"]
[PlyCount "147"]
[EventDate "2014.??.??"]
[WhiteTeam "Erfurt"]
[BlackTeam "SF Berlin"]

1. e4 Nf6 2. Nc3 d5 3. exd5 Nxd5 4. Bc4 c6 5. Qf3 e6 6. Nge2 Nd7 7. d4 Be7 8.
O-O N7f6 9. Bd2 O-O 10. Ne4 Nxe4 11. Qxe4 Nf6 12. Qf3 e5 13. Qe3 exd4 14. Qxd4
Bf5 15. c3 b5 16. Bb3 c5 17. Qxd8 Raxd8 18. Ng3 Bg6 19. Bg5 c4 20. Bd1 h6 21.
Be3 Rd7 22. Bf3 Bd3 23. Rfe1 Bd6 24. Bd4 Nh7 25. Be4 Bxg3 26. Bxh7+ Kxh7 27.
hxg3 f6 28. Re6 a5 29. Rae1 Rff7 30. Ra6 a4 31. Ree6 Bf5 32. Reb6 Rb7 33. Ra5
Rxb6 34. Bxb6 Bd7 35. Ra7 Kg6 36. f3 Kf5 37. Kf2 Ke5 38. Rc7 Kd6 39. f4 f5 40.
Kg1 Rf6 41. Rc5 Re6 42. Kf2 Re8 43. Re5 Rxe5 44. fxe5+ Kxe5 45. Ke3 g5 46. Bd4+
Kd5 47. Bg7 h5 48. Bf6 g4 49. Kf4 Ke6 50. Bd4 Bc6 51. Kg5 a3 52. bxa3 Bxg2 53.
Kxh5 Kd5 54. Kg5 Ke4 55. Bf6 Bf3 56. Bg7 Be2 57. Bf6 Bd3 58. Bg7 Bb1 59. Bf6
Bxa2 60. Bg7 Bb1 61. Bd4 Bd3 62. Ba7 f4 63. gxf4 Kf3 64. f5 Be4 65. f6 Bd5 66.
Kg6 Ke2 67. f7 Bxf7+ 68. Kxf7 Kd3 69. Bd4 g3 70. Ke6 g2 71. Kd5 g1=Q 72. Bxg1
Kxc3 73. Kc5 Kb3 74. Kxb5 1/2-1/2

[Event "Kieler Open 2014-A"]
[Site "Kiel"]
[Date "2014.08.05"]
[Round "6.26"]
[White "Gutschenreiter, Dorian"]
[Black "Praczukowski, Stanislaw"]
[Result "0-1"]
[WhiteElo "1874"]
[BlackElo "2018"]
[Annotator "FS"]
[PlyCount "43"]
[EventDate "2014.??.??"]
[WhiteTeam "Flensburg"]
[BlackTeam "KS Laura Chylice"]

1. e4 c5 2. Nf3 d6 3. d4 cxd4 4. Nxd4 Nf6 5. Nc3 a6 6. Be3 e5 7. Nb3 Be6 8. h3
Be7 9. g4 d5 10. g5 d4 11. gxf6 Bxf6 12. Bd2 dxc3 13. Bxc3 Qe7 14. Qd3 O-O 15.
O-O-O b5 16. Rg1 Rc8 17. Be2 b4 18. Bd2 a5 19. Bh6 g6 20. Bg4 a4 21. Bxe6 fxe6
22. Nd2 0-1